導出完成 — 

Tài liệu hướng dẫn dạy và học về ứng phó biến đổi khí hậu

Trình bày về khí hậu trái đất, hiện tượng biến đổi khí hậu toàn cầu và nguyên nhân, đối tượng chịu tác động của hiện tượng này; biến đổi khí hậu ở Việt Nam và những biện pháp giảm nhẹ biến đổi khí hậu....

全面介紹

Đã lưu trong:
書目詳細資料
Nhiều tác giả của công ty: Việt Nam, Bộ Giáo dục và Đào tạo
格式: 圖書
語言:Undetermined
出版: Hà Nội [Hà Nội] 2012
主題:
標簽: 添加標簽
沒有標簽, 成為第一個標記此記錄!
Thư viện lưu trữ: Trung tâm Học liệu Trường Đại học Cần Thơ
LEADER 01100nam a2200217Ia 4500
001 CTU_178721
008 210402s9999 xx 000 0 und d
082 |a 577.22 
082 |b V308 
110 |a Việt Nam 
110 |b Bộ Giáo dục và Đào tạo 
245 0 |a Tài liệu hướng dẫn dạy và học về ứng phó biến đổi khí hậu 
245 0 |c Bộ Giáo dục và Đào tạo 
260 |a Hà Nội 
260 |b [Hà Nội] 
260 |c 2012 
520 |a Trình bày về khí hậu trái đất, hiện tượng biến đổi khí hậu toàn cầu và nguyên nhân, đối tượng chịu tác động của hiện tượng này; biến đổi khí hậu ở Việt Nam và những biện pháp giảm nhẹ biến đổi khí hậu. 
650 |a Climatic changes,Bioclimatology,Biến đổi khí hậu 
650 |x Studying and teaching,Dạy và học 
904 |i Trọng Hiếu 
980 |a Trung tâm Học liệu Trường Đại học Cần Thơ